10 U.S. States with the Most Valuable Crops - Statistics

General Stats
  • This quiz has been taken 29,505 times
    16,118 since last reset
  • The average score is 7 of 10
Answer Stats
Value in $ Top Crop State % Correct
33.5 bil Almonds California
92%
7.4 bil Cotton Texas
85%
6.6 bil Corn Kansas
84%
14.2 bil Corn Iowa
82%
9.6 bil Corn Nebraska
81%
13.9 bil Corn Illinois
71%
6.7 bil Apples Washington
68%
6.9 bil Corn Indiana
67%
10.1 bil Corn Minnesota
55%
6.9 bil Wheat North Dakota
52%
No matching quizzes found
Score Distribution
Percent of People with Each Score
Percentile by Number Answered
Your Score History
You have not taken this quiz since the last reset